000 01506nam a2200337Ia 4500
001 ebr10217772
003 CaPaEBR
006 m u
007 cr cn|||||||||
008 070417s2007 enkab sb 001 0 eng d
020 _z9781845113049 (hbk.)
020 _z1845113047 (hbk.)
040 _aCaPaEBR
_cCaPaEBR
035 _a(OCoLC)213818583
050 1 4 _aDA16
_b.W75 2007eb
245 0 0 _aWriting, travel, and empire
_h[electronic resource] :
_bin the margins of anthropology /
_cedited by Peter Hulme and Russell McDougall.
260 _aLondon ;
_aNew York :
_bI.B. Tauris ;
_aNew York :
_bIn the U.S.A. distributed by Palgrave Macmillan,
_c2007.
300 _a248 p. :
_bill., maps.
490 1 _aInternational library of colonial history ;
_v10
504 _aIncludes bibliographical references and index.
533 _aElectronic reproduction.
_bPalo Alto, Calif. :
_cebrary,
_d2009.
_nAvailable via World Wide Web.
_nAccess may be limited to ebrary affiliated libraries.
650 0 _aTravelers' writings, British
_xHistory and criticism.
651 0 _aGreat Britain
_xColonies
_xHistory
_y19th century.
651 0 _aGreat Britain
_xColonies
_vBiography.
655 7 _aElectronic books.
_2local
700 1 _aHulme, Peter.
700 1 _aMcDougall, Russell.
710 2 _aebrary, Inc.
830 0 _aInternational library of colonial history ;
_v10.
856 4 0 _uhttp://site.ebrary.com/lib/rucke/Doc?id=10217772
_zAn electronic book accessible through the World Wide Web; click to view
999 _c129494
_d129494